000 01261nam0a2200289 4500
001 RU\NLR\bibl\1316283
005 20260406143642.0
010 _a978-5-346-01095-1
_93000
021 _aRU
_b2008-91636
_95360
035 _a(NLR Aleph) 001301668
090 _a623250
_c623250
100 _a20090115d2008 |||y0rusy50 ca
101 0 _arus
102 _aRU
105 _aa |||||||||
200 1 _aГеография
_eматерики и страны
_e7 класс
_eучебник для общеобразовательных учреждений
_fН.Н. Петрова, Н.А. Максимова
210 _aМосква
_cМнемозина
_d2008
215 _a287 с.
_cцв. ил.
_d23
606 1 _aГеография
_jУчебники для средней школы
_91002053
_3RU\NLR\auth\6662461
686 _aД8я72-1
700 1 _4070
_8rus
_7ca
_aПетрова
_bН. Н.
_cд-р пед. наук
_gНаталья Николаевна
_3RU\NLR\auth\773810
_9113802
701 1 _4070
_8rus
_7ca
_aМаксимова
_bН. А.
_cметодист, география
_gНадежда Александровна
_3RU\NLR\auth\7761471
_944401
801 0 _aRU
_bNLR
_c20090115
_gRCR
801 1 _aRU
_bNLR
_c20090115
942 _cBOOK
980 _aNB